Artist's Biggest Songs #5 (Deutsch) - Statistiken

Allgemein
  • Dieses Quiz wurde 157 mal gespielt
  • Das Durchschnittsergebnis liegt bei 8 aus 15
Antwortstatistiken
Hint Antwort % Korrekt
Egoist Jeanny Out Of The Dark Der Kommissar Rock Me Amadeus Falco
96%
Sonnensystem Spring nicht Ich Bin Nicht Ich Schrei Durch den Monsun Tokio Hotel
81%
Wildes Ding Von allein Berlin City Girl Hamma! Monsta Culcha Candela
80%
Mambo Bochum Männer Der Weg Zeit, dass sich was dreht Herbert Grönemeyer
80%
'54, '74, '90, 2010 Das Geschenk New York, Rio, Rosenheim Applaus, Applaus Ein Kompliment Sportfreunde Stiller
75%
Mann im Mond Küssen verboten Deutschland Millionär Alles nur geklaut Die Prinzen
70%
Bettina, zieh dir bitte etwas an Schwule Mädchen Emanuela Jein An Tagen wie diesen Fettes Brot
70%
Die Wüste lebt The Different Story (World of Lust and Crime) Terra Titanic Major Tom (...völlig losgelöst) Major Tom (Coming Home) Peter Schilling
61%
Spinner Lass uns gehen Das kann uns keiner nehmen Halt dich an mir fest Ich lass für dich das Licht an Revolverheld
58%
Gustav Gans Es war einmal... Liebes Lied Füchse Ahnma Beginner
34%
Deine Schuld Weißes Haus Hässlich Wunder Sie weiß AYLIVA
30%
2 Minuten Wenn du weinst Echo Achilles Rote Flaggen Berq
30%
Chicago Du Warst Immer Dabei Tanzen Gewinner Flugmodus Clueso
30%
Biste Mode Hungriges Herz Nie gesagt Fallschirm Tanz der Moleküle Mia.
27%
7 Mädchen Atlantis sag was Veuve schwarze SUV's Paula Hartmann
19%
Keine übereinstimmenden Quizze gefunden
Verteilung der Resultate
Anzahl Personen mit jedem Resultat
Perzentil nach korrekt beantworteten Fragen
Ihre Resultats-Entwicklung
Sie haben dieses Quiz noch nicht gespielt